00531nam a22001337a 4500008004100000082001800041245014100059260003800200300001000238710002400248942001200272999001500284952009800299230612b xxu||||| |||| 00| 0 eng d a352.4908bKEN aThe Appropriation Accounts and Other Public Accounts Details Excluding Accounts of the Funds for the Year2000/2001cGovernment of Kenya  aKenyabGovernment of Kenya c2001 a820 p bGovernment of Kenya 2ddccBK c1110d1110 00102ddc4070a001b001d2023-06-12l0o352.4908 KENp100001574r2023-06-12w2023-06-12yBK